Complete The Holiday With An Image Quiz Stats

 Plays Quiz not verified by Sporcle

Score 0/15 Timer 05:00
0 Plays Today
% Correct
EAR
93.3%
ET
89.9%
DENT
88.1%
ASH
87.9%
AB
87.2%
ASS
85.3%
HALL
84.9%
CHRIS
83%
% Correct
IKE
80%
Moth
76%
Fat
74.5%
HANK
74.4%
EAST
72.2%
DAN
71.3%
ART
68.7%

You're not logged in!

Compare scores with friends on all Sporcle quizzes.
OR
Log In

Show Comments

Extras

Top Quizzes Today


Score Distribution

Your Account Isn't Verified!

In order to create a playlist on Sporcle, you need to verify the email address you used during registration. Go to your Sporcle Settings to finish the process.

Report this User

Report this user for behavior that violates our Community Guidelines.

Details: